00313nam a2200133Ia 4500003000400000005001700004008004100021020000800062040001700070100001600087245004600103260002100149260000900170OSt20240312105540.0170524s9999 xx 000 0 und d aNIL cIIMTU MEERUT aMathur-G.c. 0aLow-cost housing in development countries bOxford & IBH pub c1993